Aasian maantiedettä kirjaimittain - F - Statistics

Yleistilastot
  • Tätä visaa on pelattu 474 kertaa
  • Keskiarvotulos 6 / 16
Vastaustilastot
Vihje Vastaus % Oikein
Japanin ikoninen vuori Fuji
98%
Luzon ja Mindanao ovat tämän valtion suurimmat saaret Filippiinit
83%
Lähi-idästä lähtöisin oleva friteerattu herne- tai papupyörykkä Falafel
78%
Vuonna 2011 tässä kaupungissa tapahtui ydinonnettomuus Fukushima
64%
Persian kielen paikallinen nimi Farsi
61%
Taiwanin siirtomaa-aikainen nimi Formosa
43%
Indonesian saari, jonka nimi tarkoittaa portugaliksi "kukkia" Flores
42%
Suurin kaupunki Kyushun saarella Fukuoka
37%
Tagalogin standardisoitu muoto ja toinen yllä olevan valtion virallisista kielistä Filipino
32%
Pakistanin kolmanneksi suurin kaupunki Faisalabad
19%
Kiinassa kielletty filosofinen ja hengellinen oppijärjestelmä Falun Gong
17%
Tämä kaupunki oli Irakin sodassa tärkeä vastarinnan keskus Falluja
15%
Yksi Yhdistyneiden arabiemiraattien emiirikunnista Fujaira
14%
Suurin kokonaan Pohjois-Kyproksen hallussa oleva kaupunki Famagusta
13%
Vuonna 2012 jopa 40 % kaikesta maailman kuluttajaelektroniikasta valmistanut taiwanilainen yhtiö Foxconn
12%
Xiamen ja Fuzhou sijaitsevat tässä Kiinan kaakkoisrannikon maakunnassa Fujian
12%
Ehtoja vastaavia visoja ei löytynyt
Tulosjakauma
Jokaisen tuloksen saaneiden osuus
Persentiili vastausten määrän mukaan
Tuloshistoriasi
Et ole pelannut tätä visaa